[Event "DEN-chT 0910 48th"]
[Site "Denmark"]
[Date "2009.11.08"]
[Round "2.7"]
[White "Andersen, Jackie"]
[Black "Sonderstrup, Bjarne"]
[Result "1-0"]
[WhiteElo "2274"]
[BlackElo "2094"]
[PlyCount "85"]
[EventDate "2009.11.07"]
[EventType "team-tourn"]
[EventRounds "9"]
[EventCountry "DEN"]
[SourceTitle "EXT 2023"]
[Source "ChessBase"]
[SourceDate "2022.10.05"]
[SourceVersion "1"]
[SourceVersionDate "2022.10.05"]
[SourceQuality "1"]
[WhiteTeam "Aarhus/Skolerne"]
[BlackTeam "Aalborg"]
[WhiteTeamCountry "DEN"]
[BlackTeamCountry "DEN"]

1. d4 Nf6 2. Nf3 b6 3. c4 Bb7 4. Nc3 e6 5. a3 Be7 6. d5 0-0 7. e4 exd5 8. cxd5 d6 9. Bd3 c6 10. dxc6 Bxc6 11. 0-0 Nbd7 12. Nd4 Bb7 13. Re1 Re8 14. Nf5 Bf8 15. Bg5 Nc5 16. Bb5 Re5 17. Bf4 Nfxe4 18. Bxe5 dxe5 19. Nxe4 Nxe4 20. Ng3 Nxg3 21. hxg3 Qf6 22. b4 Rd8 23. Qe2 e4 24. Rad1 Bd6 25. Ba6 Ba8 26. Qd2 h5 27. Qd4 Qg6 28. Qe3 Qf6 29. Rd4 h4 30. Red1 hxg3 31. fxg3 Be7 32. Rxd8+ Bxd8 33. Qd4 Qxd4+ 34. Rxd4 Bf6 35. Rd7 Bc6 36. Rxa7 Bd4+ 37. Kf1 f6 38. Bc4+ Kh7 39. Re7 e3 40. b5 Ba8 41. a4 Kh6 42. Rd7 Bc5 43. Bd5 1-0

[Event "DEN-chT 0809"]
[Site "Denmark"]
[Date "2009.03.21"]
[Round "8.8"]
[White "Sonderstrup, Bjarne"]
[Black "Dragicevic, Drazen"]
[Result "0-1"]
[WhiteElo "2059"]
[BlackElo "2181"]
[PlyCount "76"]
[EventDate "2008.11.01"]
[EventType "team-tourn"]
[EventRounds "9"]
[EventCountry "DEN"]
[SourceTitle "EXT 2023"]
[Source "ChessBase"]
[SourceDate "2022.10.05"]
[SourceVersion "1"]
[SourceVersionDate "2022.10.05"]
[SourceQuality "1"]
[WhiteTeam "Aalborg"]
[BlackTeam "Helsinge"]
[WhiteTeamCountry "DEN"]
[BlackTeamCountry "DEN"]

1. c4 Nf6 2. g3 c5 3. Bg2 d5 4. cxd5 Nxd5 5. Nc3 Nc7 6. Nf3 Nc6 7. 0-0 e5 8. d3 Be7 9. a3 0-0 10. Rb1 a5 11. Be3 Rb8 12. Ne1 Nd4 13. f4 exf4 14. Bxf4 Bg4 15. Nc2 b5 16. Ne3 Be6 17. Bxc7 Qxc7 18. Ned5 Qd7 19. e3 Nf5 20. Be4 Nd6 21. Nxe7+ Qxe7 22. Qf3 Nxe4 23. dxe4 f6 24. Nd5 Qb7 25. Rbd1 Rfe8 26. Qf4 Bf7 27. Qg4 Bg6 28. Rf4 Re5 29. h4 Kh8 30. Qf3 Rbe8 31. g4 Bxe4 32. Rxe4 Rxe4 33. g5 fxg5 34. hxg5 Rxe3 35. Qh5 R3e5 36. Nf4 Kg8 37. Qg4 Qe7 38. Rf1 Rxg5 0-1

[Event "DEN-chT 0809"]
[Site "Denmark"]
[Date "2009.02.22"]
[Round "7.7"]
[White "Andreasen, Joan Hendrik"]
[Black "Sonderstrup, Bjarne"]
[Result "1-0"]
[WhiteElo "2179"]
[BlackElo "2059"]
[PlyCount "140"]
[EventDate "2008.11.01"]
[EventType "team-tourn"]
[EventRounds "9"]
[EventCountry "DEN"]
[SourceTitle "EXT 2023"]
[Source "ChessBase"]
[SourceDate "2022.10.05"]
[SourceVersion "1"]
[SourceVersionDate "2022.10.05"]
[SourceQuality "1"]
[WhiteTeam "Copenhagen K41"]
[BlackTeam "Aalborg"]
[WhiteTeamCountry "DEN"]
[BlackTeamCountry "DEN"]

1. d4 Nf6 2. c4 e6 3. Nc3 Bb4 4. g3 0-0 5. Bg2 d5 6. Nf3 c5 7. cxd5 exd5 8. 0-0 Nc6 9. Bg5 Be6 10. dxc5 Bxc5 11. Qa4 h6 12. Bf4 a6 13. Rac1 Qb6 14. Qc2 Be7 15. Rfd1 Rac8 16. Qd3 Rfd8 17. Na4 Qa5 18. b3 Ba3 19. Bd2 Qb5 20. Rc2 Qxd3 21. exd3 Nb4 22. Bxb4 Bxb4 23. Rdc1 b5 24. Rxc8 Rxc8 25. Rxc8+ Bxc8 26. Nb6 Be6 27. Ne5 Kf8 28. Nc6 Bc3 29. Kf1 Ke8 30. Ke2 Bg4+ 31. Bf3 Bxf3+ 32. Kxf3 g5 33. Ke2 Bb2 34. Nb4 Ke7 35. N6xd5+ Nxd5 36. Nxd5+ Kd6 37. Ne3 Ke5 38. Kd2 h5 39. Nc2 Kd5 40. Nb4+ Kd4 41. Kc2 Ba3 42. Nxa6 Bd6 43. b4 h4 44. Kd2 f5 45. Nc5 hxg3 46. hxg3 Be7 47. a3 Bf6 48. Kc2 Kd5 49. Nb3 g4 50. Nd2 Be5 51. Nf1 f4 52. gxf4 Bxf4 53. Ng3 Be5 54. Nf5 Bf4 55. Ng3 Be5 56. Ne4 Bd4 57. Nc3+ Kc6 58. Ne4 Kd5 59. Kb3 Ke5 60. a4 bxa4+ 61. Kxa4 Kf4 62. b5 Kf3 63. Kb3 Ke2 64. Kc4 Bb6 65. d4 Kf3 66. Kd3 Bd8 67. d5 Bb6 68. d6 Kf4 69. d7 Ke5 70. Nc3 Ke6 1-0

[Event "DEN-chT 0809"]
[Site "Denmark"]
[Date "2009.01.25"]
[Round "6.7"]
[White "Pedersen, Finn"]
[Black "Sonderstrup, Bjarne"]
[Result "1-0"]
[WhiteElo "2312"]
[BlackElo "2059"]
[PlyCount "95"]
[EventDate "2008.11.01"]
[EventType "team-tourn"]
[EventRounds "9"]
[EventCountry "DEN"]
[SourceTitle "EXT 2023"]
[Source "ChessBase"]
[SourceDate "2022.10.05"]
[SourceVersion "1"]
[SourceVersionDate "2022.10.05"]
[SourceQuality "1"]
[WhiteTeam "Aarhus/Skolerne"]
[BlackTeam "Aalborg"]
[WhiteTeamCountry "DEN"]
[BlackTeamCountry "DEN"]

1. d4 Nf6 2. Nf3 b6 3. Bf4 Bb7 4. e3 e6 5. Nbd2 Be7 6. h3 d5 7. c3 0-0 8. Qb1 Ba6 9. Bxa6 Nxa6 10. Ne5 Nb8 11. 0-0 Nfd7 12. c4 Nxe5 13. Bxe5 Nd7 14. Bg3 Bb4 15. Nf3 dxc4 16. Rc1 Bd6 17. Bxd6 cxd6 18. Rxc4 Rc8 19. Qc2 b5 20. Rc6 Nb6 21. Rc1 Qd7 22. Kh2 Rfd8 23. Ng5 Rxc6 24. Qxc6 h6 25. Qxd7 Rxd7 26. Ne4 Kf8 27. Rc6 Ke7 28. Nc3 b4 29. Nb5 a6 30. Rxb6 axb5 31. Rxb5 Ra7 32. Rxb4 Rxa2 33. e4 Ra1 34. Rb7+ Kf6 35. Rb6 Ke7 36. Kg3 Rd1 37. Rb7+ Kf6 38. e5+ dxe5 39. dxe5+ Kg6 40. Kf3 Rd2 41. Ke3 Rc2 42. g4 Rc1 43. h4 f5 44. h5+ Kh7 45. gxf5 exf5 46. Kf4 Rh1 47. e6 Rxh5 48. e7 1-0

[Event "DEN-chT 0607"]
[Site "Denmark"]
[Date "2007.03.24"]
[Round "8.8"]
[White "Lauridsen, Jesper Morch"]
[Black "Sonderstrup, Bjarne"]
[Result "1-0"]
[WhiteElo "2272"]
[BlackElo "1970"]
[PlyCount "59"]
[EventDate "2006.11.04"]
[EventType "team-tourn"]
[EventRounds "9"]
[EventCountry "DEN"]
[SourceTitle "EXT 2023"]
[Source "ChessBase"]
[SourceDate "2022.10.05"]
[SourceVersion "1"]
[SourceVersionDate "2022.10.05"]
[SourceQuality "1"]
[WhiteTeam "Helsinge"]
[BlackTeam "Aalborg"]
[WhiteTeamCountry "DEN"]
[BlackTeamCountry "DEN"]

1. e4 c5 2. Nf3 Nc6 3. d4 cxd4 4. Nxd4 Nf6 5. Nc3 e5 6. Ndb5 d6 7. Nd5 Nxd5 8. exd5 Ne7 9. c3 a6 10. Qa4 axb5 11. Bxb5+ Bd7 12. Bxd7+ Qxd7 13. Qxa8+ Nc8 14. 0-0 Be7 15. a4 0-0 16. a5 Nb6 17. Qa7 Nc8 18. Qe3 h6 19. f4 Bf6 20. Qd3 Re8 21. fxe5 Bxe5 22. Bf4 Qc7 23. Rfe1 Qd8 24. Bxe5 dxe5 25. c4 Qe7 26. Rad1 Qc5+ 27. Qe3 Qxc4 28. d6 Rd8 29. Qxe5 Qa4 30. d7 1-0

[Event "DEN-chT 0506"]
[Site "Denmark"]
[Date "2006.03.05"]
[Round "7.8"]
[White "Sonderstrup, Bjarne"]
[Black "Aabling Thomsen, Jakob"]
[Result "0-1"]
[WhiteElo "2042"]
[BlackElo "2115"]
[PlyCount "64"]
[EventDate "2005.11.05"]
[EventType "team-tourn"]
[EventRounds "9"]
[EventCountry "DEN"]
[SourceTitle "EXT 2023"]
[Source "ChessBase"]
[SourceDate "2022.10.05"]
[SourceVersion "1"]
[SourceVersionDate "2022.10.05"]
[SourceQuality "1"]
[WhiteTeam "Aalborg"]
[BlackTeam "Bronshoj"]
[WhiteTeamCountry "DEN"]
[BlackTeamCountry "DEN"]

1. c4 e5 2. g3 Nc6 3. Bg2 Nf6 4. Nc3 Bb4 5. e4 d6 6. Nge2 Be6 7. Nd5 Qd7 8. 0-0 Bc5 9. d3 Ne7 10. Be3 c6 11. Nxf6+ gxf6 12. d4 Bb6 13. Rc1 Bg4 14. f3 Bh3 15. Qb3 Bxg2 16. Kxg2 0-0-0 17. d5 c5 18. Qb5 Qc7 19. g4 h5 20. h3 Rdg8 21. Rh1 f5 22. Kf2 fxe4 23. fxe4 Qd8 24. g5 f5 25. gxf6 Qf8 26. Ke1 Qxf6 27. Kd2 Qf3 28. Kd3 Rg2 29. Rhe1 Ng6 30. Ng1 Nf4+ 31. Kc3 Qxe4 32. Kb3 Nd3 0-1